Declaraciones, derechos y garantías.
Guardado en:
| Formato: | |
|---|---|
| Series: | Educable
|
| Materias: | |
| Etiquetas: |
Agregar Etiqueta
Sin Etiquetas, Sea el primero en etiquetar este registro!
|
| LEADER | 00932ngm a22002775g 4500 | ||
|---|---|---|---|
| 001 | CEM.cems022259 | ||
| 008 | 130507b1996##################0###0#####d | ||
| 005 | 20241015142410.0 | ||
| 245 | 0 | 0 | |a Declaraciones, derechos y garantías. |
| 300 | |a 25'. | ||
| 490 | 0 | |a Educable | |
| 500 | |a En soporte VHS, consultar en ventanilla. | ||
| 505 | 0 | |a La constitución argentina: parte dogmática. Declaraciones, derechos y garantías. Poderes. Historia y desarrollo. Análisis de algunos artículos. | |
| 538 | |a Soporte: VHS - Norma: Pal N - Color: Si - Grabación DRD 1996 - Hitachi=2645 | ||
| 082 | 9 | 8 | |/ CON |
| 653 | |a EDUCACION CIVICA | ||
| 653 | |a CIVISMO | ||
| 653 | |a DERECHOS | ||
| 653 | |a GARANTIAS | ||
| 653 | |a CONSTITUCION | ||
| 653 | |a LEYES | ||
| 653 | |a POLITICA | ||
| 653 | |a PODERES | ||
| 653 | |a NIVEL PRIMARIO | ||
| 653 | |a NIVEL SECUNDARIO | ||
| 859 | |a CEMS |b BIB. CEMS - Depto. Recursos Didacticos |h 982 |i CON |k DRD |p 902.12 |t Ej.1 | ||
